000 00582nam a22001697a 4500
003 NUST
038 _aNusrat Nadeem
082 _a200
100 _aAhmed, Afaq
_9120252
245 _aIMPACT OF SOCAL MEDIA ON UNIVERSITY STUDENTS; EXAMINING THE RELATIONSHIP BETWEEN SOCIAL MEDIA USAGE AND LONELINESS/
_cAfaq Ahmed,
264 _aIslamabad,
_c2023.
_bS3H NUST;
300 _aill:
_b82,p:
_c30,cm.
650 _aMS- Mass Communication
_9114380
700 _aSupervised: Dr. Hammad Mushtaq
_9120253
856 _uhttp://10.250.8.41:8080/xmlui/handle/123456789/39037
942 _2ddc
_cSC
999 _c607633
_d607633